Multiple Choice City Quiz - Ljubljana 🇸🇮 - Statistics

General Stats
  • This quiz has been taken 12 times
  • The average score is 7 of 10
Answer Stats
Question Answer % Correct
Who designed Ljubljana's famous Triple Bridge? Jože Plečnik
100%
What was the former name of Ljubljana? Laibach
90%
Which European river basin does Ljubljana belong to? Danube Basin
80%
What is the symbol of Ljubljana featured on its coat of arms? Dragon
80%
On which bridge are the city's famous dragon statues located? Dragon Bridge
80%
Which is the largest park near the city center? Tivoli Park
80%
Which river flows through the city? Ljubljanica
70%
Which title did Ljubljana receivein 2016 European Green Capital
60%
Which geographic region is Ljubljana located in? Central Europe
40%
In which year was the University of Ljubljana founded? 1919
30%
No matching quizzes found
Score Distribution
Percent of People with Each Score
Percentile by Number Answered
Your Score History
You have not taken this quiz